000 01035nam a2200253 i 4500
001 185665
003 ES-MaACL
005 20230906222505.0
008 160802s1890 sp |||| | spa d
080 _a821.131.1-31"18"
080 _a94(4)"1571"(0:82)
100 1 _aRondina, Francesco Saverio.
_9132048
245 1 0 _aReligión y patria /
_cpor el Rdo. P. D. Francisco Javier Rondina ... ; examinado y corregido por su autor ; traducido por José María Carulla.
260 _a[S.l.] :
_b[s.n.],
_c1890 (
_eMadrid :
_fImp. de José Perales y Martínez)
300 _a298 p. ;
_c24 cm.
490 1 _aBiblioteca de selectos autores católicos ;
_v1
530 _aDisponible en formato digital.
650 _aBatalla de Lepanto, 1571-
_vNovelas.
_9160282
700 0 _aCarulla, José María.
_935912
830 0 _aBiblioteca de selectos autores católicos ;
_v1
_9225261
852 _aES-MaACL
_jG-5370
856 _uhttp://bdh-rd.bne.es/viewer.vm?id=0000108279&page=1
_zBiblioteca Digital Hispánica
999 _c185665
_d185665